[Event "Mediterranean-ch 11th"]
[Site "Petrovac"]
[Date "2021.06.19"]
[Round "1"]
[White "Budisavljevic, Luka"]
[Black "Vulevic, Vjekoslav"]
[Result "1-0"]
[WhiteElo "2513"]
[BlackElo "2142"]
[PlyCount "83"]
[EventDate "2021.06.19"]
[EventType "swiss"]
[EventRounds "9"]
[EventCountry "MNE"]
[SourceTitle "CBM 203 Extra"]
[Source "ChessBase"]
[SourceDate "2021.09.30"]
[SourceVersion "1"]
[SourceVersionDate "2021.09.30"]
[SourceQuality "1"]

1. d4 c5 2. d5 e5 3. c4 d6 4. e4 Nf6 5. Nc3 Be7 6. Bd3 0-0 7. Nf3 Nbd7 8. h3 Ne8 9. Qe2 a6 10. g4 g6 11. Bh6 Ng7 12. 0-0-0 Nf6 13. Rdg1 Kh8 14. Be3 Ng8 15. h4 Bd7 16. Nd2 Qa5 17. f4 exf4 18. Bxf4 f6 19. Bb1 b5 20. Qd3 f5 21. gxf5 gxf5 22. e5 Nh5 23. Bh2 dxe5 24. Qe2 Ng7 25. Bxe5 Bf6 26. Qh2 Bxe5 27. Qxe5 Nf6 28. h5 Rae8 29. Qd6 b4 30. Nd1 Rf7 31. h6 Ngh5 32. Rg5 b3 33. axb3 Ne4 34. Nxe4 fxe4 35. Rgxh5 e3 36. Nc3 e2 37. Re5 Rf1+ 38. Kd2 e1Q+ 39. Rxe1 Rf2+ 40. Kc1 Qd8 41. Rxe8+ Qxe8 42. Qg3 1-0

[Event "MNT-chT 1st League"]
[Site "Podgorica"]
[Date "2021.05.21"]
[Round "3.1"]
[White "Pobor, Milo"]
[Black "Vulevic, Vjekoslav"]
[Result "1/2-1/2"]
[WhiteElo "2124"]
[BlackElo "2147"]
[PlyCount "65"]
[EventDate "2021.05.20"]
[EventType "team-tourn"]
[EventRounds "7"]
[EventCountry "MNE"]
[SourceTitle "EXT 2022"]
[Source "ChessBase"]
[SourceDate "2021.10.06"]
[SourceVersion "1"]
[SourceVersionDate "2021.10.06"]
[SourceQuality "1"]

1. e4 b6 2. d4 Bb7 3. Bd3 e6 4. Nd2 c5 5. c3 cxd4 6. cxd4 Nf6 7. Ngf3 d5 8. e5 Nfd7 9. 0-0 Be7 10. Re1 Nc6 11. a3 Rc8 12. b4 a5 13. b5 Ncb8 14. Nf1 Nf8 15. Bd2 Nbd7 16. Ng3 h5 17. h3 h4 18. Ne2 Ng6 19. Nh2 Ndf8 20. f4 Rc7 21. f5 exf5 22. Bxf5 Bc8 23. Bd3 Be6 24. Nf3 Qd7 25. Kh2 Bf5 26. Bxf5 Qxf5 27. Rc1 Rxc1 28. Qxc1 Qd7 29. Qb2 Ne6 30. Rc1 0-0 31. Rc6 Rb8 32. Qb3 Ngf8 33. Ne1 1/2-1/2

[Event "Basel op"]
[Site "Basel"]
[Date "2017.01.07"]
[Round "7"]
[White "Akshat, Khamparia"]
[Black "Vulevic, Vjekoslav"]
[Result "1-0"]
[WhiteElo "2358"]
[BlackElo "2225"]
[PlyCount "83"]
[EventDate "2017.01.02"]
[EventType "swiss"]
[EventRounds "9"]
[EventCountry "SUI"]
[SourceTitle "CBM 176 Extra"]
[Source "ChessBase"]
[SourceDate "2017.03.02"]
[SourceVersion "1"]
[SourceVersionDate "2017.03.02"]
[SourceQuality "1"]

1. d4 Nf6 2. c4 e6 3. Nc3 Bb4 4. Bg5 c5 5. d5 d6 6. e3 0-0 7. Bd3 h6 8. Bh4 exd5 9. cxd5 Nbd7 10. Nge2 a6 11. 0-0 Bxc3 12. bxc3 b5 13. a4 bxa4 14. e4 Ne5 15. Bc2 Ng6 16. Bg3 Nh5 17. Rxa4 Nxg3 18. Nxg3 Bd7 19. Ra3 Bb5 20. Bd3 Ne5 21. Be2 c4 22. Qd4 Rc8 23. Nf5 f6 24. Qe3 Kh7 25. Nd4 Qb6 26. f4 Nd7 27. Bg4 Rce8 28. Bf5+ g6 29. Be6 Nc5 30. f5 g5 31. h4 Nd3 32. hxg5 hxg5 33. Rf3 Ne5 34. Rh3+ Kg7 35. Rh5 Qa7 36. Kf1 Rh8 37. Rxg5+ Kf8 38. Rg3 Qc5 39. Ra2 Rh1+ 40. Ke2 Qb6 41. Rg8+ Ke7 42. Nc6+ 1-0

[Event "Basel op"]
[Site "Basel"]
[Date "2017.01.05"]
[Round "5"]
[White "Bao, Qilin"]
[Black "Vulevic, Vjekoslav"]
[Result "1-0"]
[WhiteElo "2343"]
[BlackElo "2225"]
[PlyCount "125"]
[EventDate "2017.01.02"]
[EventType "swiss"]
[EventRounds "9"]
[EventCountry "SUI"]
[SourceTitle "CBM 176 Extra"]
[Source "ChessBase"]
[SourceDate "2017.03.02"]
[SourceVersion "1"]
[SourceVersionDate "2017.03.02"]
[SourceQuality "1"]

1. Nf3 b5 2. e4 Bb7 3. Bxb5 Bxe4 4. 0-0 Nf6 5. d4 e6 6. Re1 Be7 7. Nbd2 Bb7 8. Bd3 c5 9. dxc5 Bxc5 10. Nb3 Be7 11. Be3 d6 12. Qe2 0-0 13. Rad1 Qc7 14. Bg5 Nbd7 15. Nbd4 Nc5 16. Nf5 Nxd3 17. Nxe7+ Qxe7 18. Qxd3 h6 19. Bh4 Rfc8 20. c3 Bxf3 21. Qxf3 Rab8 22. Re2 Rb6 23. h3 a5 24. Rd4 g5 25. Bg3 e5 26. Ra4 Rb5 27. h4 Qe6 28. hxg5 hxg5 29. Qe3 e4 30. Rd4 Rc6 31. b3 Rf5 32. c4 d5 33. Qc3 dxc4 34. Rxc4 Rxc4 35. Qxc4 Qxc4 36. bxc4 Rc5 37. Rc2 Nd5 38. Bd6 Rc6 39. c5 Nb4 40. Rc4 Nd3 41. g4 f6 42. Kf1 Kf7 43. Ke2 f5 44. gxf5 Kf6 45. f3 Nxc5 46. Bxc5 exf3+ 47. Kxf3 Kxf5 48. a3 Ke5 49. Re4+ Kd5 50. Bd4 Rc4 51. Ke3 Ra4 52. Re5+ Kc4 53. Bc5 g4 54. Be7 Kc3 55. Rg5 Kc2 56. Rc5+ Kb3 57. Kd3 Rf4 58. Rxa5 Rf7 59. Bb4 Rg7 60. Rh5 Ka4 61. Kc4 Rc7+ 62. Bc5 Rg7 63. Rh8 1-0

[Event "Basel op"]
[Site "Basel"]
[Date "2017.01.03"]
[Round "2"]
[White "Vulevic, Vjekoslav"]
[Black "Kokje, Joris"]
[Result "1/2-1/2"]
[WhiteElo "2225"]
[BlackElo "2093"]
[PlyCount "84"]
[EventDate "2017.01.02"]
[EventType "swiss"]
[EventRounds "9"]
[EventCountry "SUI"]
[SourceTitle "CBM 176 Extra"]
[Source "ChessBase"]
[SourceDate "2017.03.02"]
[SourceVersion "1"]
[SourceVersionDate "2017.03.02"]
[SourceQuality "1"]

1. e4 c5 2. Nf3 d6 3. h3 Nf6 4. c3 Nc6 5. Bd3 g6 6. 0-0 Bg7 7. Re1 0-0 8. Bc2 b5 9. d4 cxd4 10. cxd4 Bb7 11. Nc3 a6 12. Bg5 h6 13. Be3 Na5 14. e5 dxe5 15. dxe5 Nd5 16. Nxd5 Qxd5 17. e6 fxe6 18. Bxg6 Nc4 19. Qe2 Nxb2 20. Rab1 Qxa2 21. Nh4 Qc4 22. Qh5 Nd3 23. Bxd3 Qxd3 24. Bxh6 Bxh6 25. Qxh6 Rf6 26. Qg5+ Kh8 27. Rbd1 Qh7 28. Rd4 Rg8 29. Qe5 Bxg2 30. Nxg2 Qxh3 31. Qh2 Qxh2+ 32. Kxh2 Rxf2 33. Rh4+ Kg7 34. Rg4+ Kf7 35. Rxg8 Kxg8 36. Rxe6 a5 37. Rxe7 a4 38. Kg3 Rb2 39. Ra7 Rb3+ 40. Kf4 a3 41. Ne3 b4 42. Nd5 Rb2 1/2-1/2

[Event "Basel op"]
[Site "Basel"]
[Date "2017.01.02"]
[Round "1"]
[White "Svane, Rasmus"]
[Black "Vulevic, Vjekoslav"]
[Result "1-0"]
[WhiteElo "2560"]
[BlackElo "2225"]
[PlyCount "59"]
[EventDate "2017.01.02"]
[EventType "swiss"]
[EventRounds "9"]
[EventCountry "SUI"]
[SourceTitle "CBM 176 Extra"]
[Source "ChessBase"]
[SourceDate "2017.03.02"]
[SourceVersion "1"]
[SourceVersionDate "2017.03.02"]
[SourceQuality "1"]

1. Nf3 Nf6 2. c4 e6 3. Nc3 Bb4 4. Qc2 0-0 5. a3 Bxc3 6. Qxc3 c5 7. b4 b6 8. Bb2 d6 9. e3 Nbd7 10. Be2 Bb7 11. 0-0 Rc8 12. d4 d5 13. dxc5 bxc5 14. b5 Nb6 15. a4 Nxc4 16. Bxc4 dxc4 17. Rfd1 Qe7 18. Nd2 Rfd8 19. Nxc4 Ne8 20. f3 f6 21. Ba3 f5 22. Rxd8 Qxd8 23. Rc1 Bd5 24. Ne5 c4 25. Qd4 Qa5 26. e4 fxe4 27. fxe4 Qxa4 28. Bb2 Qxb5 29. exd5 exd5 30. Qg4 1-0

[Event "SUI-ch op"]
[Site "Flims"]
[Date "2016.07.14"]
[Round "8"]
[White "Hugentobler, Patrick"]
[Black "Vulevic, Vjekoslav"]
[Result "1-0"]
[WhiteElo "2205"]
[BlackElo "2270"]
[PlyCount "87"]
[EventDate "2016.07.08"]
[EventType "swiss"]
[EventRounds "9"]
[EventCountry "SUI"]
[SourceTitle "CBM 173 Extra"]
[Source "ChessBase"]
[SourceDate "2016.08.29"]
[SourceVersion "1"]
[SourceVersionDate "2016.08.29"]
[SourceQuality "1"]

1. e4 c5 2. Nc3 Nc6 3. Bb5 Nd4 4. Bc4 e6 5. Nge2 a6 6. d3 b5 7. Bb3 Nxb3 8. axb3 b4 9. Nb1 Bb7 10. 0-0 Nf6 11. Bg5 d5 12. Nd2 h6 13. Bxf6 gxf6 14. Nf4 Qd6 15. Qf3 0-0-0 16. exd5 exd5 17. d4 cxd4 18. Nd3 Rg8 19. Ra4 Qb6 20. Re1 Kb8 21. Nf1 Bd6 22. Ng3 Rg6 23. Nf5 Bc5 24. Nxc5 Qxc5 25. Qf4+ Ka8 26. Qxd4 Qxc2 27. Qb6 Rc8 28. Nd6 Qc6 29. Nxc8 Qxc8 30. Rxb4 Rg8 31. Ra1 d4 32. g3 f5 33. Rc4 Qe6 34. Qxe6 fxe6 35. Rxd4 h5 36. f4 h4 37. Kf2 hxg3+ 38. hxg3 Rh8 39. Rd2 Ka7 40. b4 Rh2+ 41. Ke3 Rh3 42. Rg1 Kb6 43. Rd6+ Kb5 44. Rxe6 1-0

[Event "Basel op"]
[Site "Basel"]
[Date "2016.01.03"]
[Round "4"]
[White "Vulevic, Vjekoslav"]
[Black "Stremavicius, Titas"]
[Result "0-1"]
[WhiteElo "2268"]
[BlackElo "2468"]
[PlyCount "68"]
[EventDate "2016.01.01"]
[EventType "swiss"]
[EventRounds "7"]
[EventCountry "SUI"]
[SourceTitle "CBM 170 Extra"]
[Source "ChessBase"]
[SourceDate "2016.02.25"]
[SourceVersion "1"]
[SourceVersionDate "2016.02.25"]
[SourceQuality "1"]

1. d4 f5 2. h3 c5 3. d5 e5 4. e4 d6 5. Bb5+ Bd7 6. Bxd7+ Qxd7 7. exf5 Qxf5 8. Ne2 Nd7 9. 0-0 0-0-0 10. Nbc3 Ngf6 11. f4 Qh5 12. a4 h6 13. a5 a6 14. Ra4 g5 15. f5 Qe8 16. Ng3 Rg8 17. Be3 Be7 18. Qe2 h5 19. Rb1 h4 20. Nge4 Nxe4 21. Rxe4 Qf7 22. Rf1 Nf6 23. Ra4 Rg7 24. b4 g4 25. hxg4 Rxg4 26. b5 Rxa4 27. Nxa4 Kc7 28. Nb6 Qh5 29. Qxh5 Nxh5 30. c4 Rg8 31. Rf3 Bg5 32. Bxg5 Rxg5 33. Kh2 Nf4 34. g3 hxg3+ 0-1

[Event "Basel op"]
[Site "Basel"]
[Date "2016.01.02"]
[Round "3"]
[White "Riff, Jean Noel"]
[Black "Vulevic, Vjekoslav"]
[Result "1-0"]
[WhiteElo "2512"]
[BlackElo "2268"]
[PlyCount "63"]
[EventDate "2016.01.01"]
[EventType "swiss"]
[EventRounds "7"]
[EventCountry "SUI"]
[SourceTitle "CBM 170 Extra"]
[Source "ChessBase"]
[SourceDate "2016.02.25"]
[SourceVersion "1"]
[SourceVersionDate "2016.02.25"]
[SourceQuality "1"]

1. e4 c5 2. Nf3 e6 3. Nc3 a6 4. d4 cxd4 5. Nxd4 d6 6. g4 Ne7 7. Bg2 Nec6 8. g5 Nxd4 9. Qxd4 Nc6 10. Qd3 Be7 11. h4 b5 12. f4 Qc7 13. Be3 b4 14. Ne2 0-0 15. h5 a5 16. h6 g6 17. 0-0 a4 18. c4 f6 19. Nd4 Nxd4 20. Qxd4 Ra5 21. Qd2 a3 22. b3 Qb8 23. Rad1 fxg5 24. fxg5 e5 25. c5 Rxf1+ 26. Bxf1 Be6 27. cxd6 Bd8 28. d7 Qb7 29. Qd6 Bf7 30. Qf6 Bxf6 31. gxf6 Qxd7 32. Rxd7 1-0

[Event "SUI-ch Seniors"]
[Site "Bern"]
[Date "2014.09.30"]
[Round "3"]
[White "Vulevic, Vjekoslav"]
[Black "Hohler, Peter"]
[Result "1/2-1/2"]
[WhiteElo "2313"]
[BlackElo "2171"]
[PlyCount "65"]
[EventDate "2014.09.28"]
[EventType "tourn"]
[EventRounds "7"]
[EventCountry "SUI"]
[SourceTitle "EXT 2016"]
[Source "ChessBase"]
[SourceDate "2015.10.08"]
[SourceVersion "1"]
[SourceVersionDate "2015.10.08"]
[SourceQuality "1"]

1. d4 Nf6 2. Nf3 d6 3. Nc3 Nbd7 4. e4 e5 5. d5 Be7 6. a4 a5 7. Bb5 0-0 8. Bxd7 Bxd7 9. h3 c6 10. 0-0 cxd5 11. exd5 Ne8 12. Nb5 Nc7 13. c4 Nxb5 14. axb5 f5 15. Qb3 b6 16. Re1 Bf6 17. Bd2 e4 18. Nh2 Rc8 19. Rac1 Bd4 20. Be3 Qf6 21. Rcd1 Bxe3 22. fxe3 f4 23. exf4 Qxf4 24. Rf1 Qg5 25. Rxf8+ Rxf8 26. Rf1 Re8 27. h4 Qd2 28. Qg3 Qd4+ 29. Kh1 e3 30. Qf3 Qf6 31. Qg3 Qd4 32. Qf3 Qf6 33. Qg3 1/2-1/2

[Event "Basel op"]
[Site "Basel"]
[Date "2014.01.03"]
[Round "4"]
[White "Vulevic, Vjekoslav"]
[Black "Hess, Max"]
[Result "0-1"]
[WhiteElo "2337"]
[BlackElo "2005"]
[PlyCount "108"]
[EventDate "2014.01.01"]
[EventType "swiss"]
[EventRounds "7"]
[EventCountry "SUI"]
[SourceTitle "CBM 158 Extra"]
[Source "ChessBase"]
[SourceDate "2014.02.28"]
[SourceVersion "1"]
[SourceVersionDate "2014.02.28"]
[SourceQuality "1"]

1. c4 g6 2. Nc3 Bg7 3. e3 Nf6 4. d4 0-0 5. Bd3 d6 6. Nge2 c5 7. d5 e6 8. 0-0 exd5 9. cxd5 a6 10. a4 Re8 11. h3 Nbd7 12. f4 Rb8 13. a5 b5 14. axb6 Nxb6 15. e4 c4 16. Bc2 Qc7 17. Kh2 Nbd7 18. g4 Nc5 19. Ng3 Nb3 20. Bxb3 Rxb3 21. Ra2 Qb6 22. Qf3 Nd7 23. Rf2 Bd4 24. Rg2 Nc5 25. f5 Nd3 26. Bd2 Rxb2 27. Na4 Qb3 28. Nxb2 Qxa2 29. Nxd3 cxd3 30. Be3 Qa1 31. Bxd4 Qxd4 32. Rd2 Bd7 33. Rxd3 Qb2+ 34. Qg2 Qxg2+ 35. Kxg2 a5 36. Ra3 a4 37. Kf3 Kg7 38. h4 Rb8 39. Ke3 Rb3+ 40. Rxb3 axb3 41. Kd2 Kf6 42. g5+ Ke5 43. fxg6 fxg6 44. h5 Kf4 45. hxg6 hxg6 46. Ne2+ Kxe4 47. Kc3 Kf5 48. Kxb3 Kxg5 49. Kc4 Kf5 50. Kd4 g5 51. Ng3+ Kf4 52. Nh5+ Kf3 53. Nf6 g4 54. Ne4 g3 0-1

[Event "Basel op"]
[Site "Basel"]
[Date "2014.01.02"]
[Round "3"]
[White "Beyer, Felix"]
[Black "Vulevic, Vjekoslav"]
[Result "0-1"]
[WhiteElo "2136"]
[BlackElo "2337"]
[PlyCount "80"]
[EventDate "2014.01.01"]
[EventType "swiss"]
[EventRounds "7"]
[EventCountry "SUI"]
[SourceTitle "CBM 158 Extra"]
[Source "ChessBase"]
[SourceDate "2014.02.28"]
[SourceVersion "1"]
[SourceVersionDate "2014.02.28"]
[SourceQuality "1"]

1. b3 Nf6 2. Bb2 g6 3. e3 Bg7 4. f4 0-0 5. Nf3 d6 6. Bd3 Nc6 7. a3 a6 8. 0-0 e5 9. fxe5 Ng4 10. Nc3 Ngxe5 11. Be2 b5 12. Nxe5 Nxe5 13. d4 Nd7 14. Bf3 Rb8 15. Bc6 Rb6 16. Qf3 Nb8 17. Be4 c6 18. d5 c5 19. Nd1 Bxb2 20. Nxb2 f5 21. Bd3 Qf6 22. Rab1 Nd7 23. Qe2 Ne5 24. c4 Bd7 25. Nd1 Rfb8 26. Nf2 bxc4 27. bxc4 Nxc4 28. Rxb6 Nxb6 29. Bxa6 Na4 30. Qd3 Qe5 31. Nh3 Nb2 32. Qd2 Rb3 33. Rb1 c4 34. Nf4 c3 35. Qe2 Rxa3 36. Nd3 Qe4 37. Rxb2 cxb2 38. Nxb2 Rxa6 39. Qxa6 Qxe3+ 40. Kf1 Qc1+ 0-1

[Event "Basel op"]
[Site "Basel"]
[Date "2014.01.02"]
[Round "2"]
[White "Vulevic, Vjekoslav"]
[Black "Van Kampen, Robin"]
[Result "0-1"]
[WhiteElo "2337"]
[BlackElo "2602"]
[PlyCount "48"]
[EventDate "2014.01.01"]
[EventType "swiss"]
[EventRounds "7"]
[EventCountry "SUI"]
[SourceTitle "CBM 158 Extra"]
[Source "ChessBase"]
[SourceDate "2014.02.28"]
[SourceVersion "1"]
[SourceVersionDate "2014.02.28"]
[SourceQuality "1"]

1. e4 c5 2. Nf3 d6 3. Bb5+ Nc6 4. Bxc6+ bxc6 5. 0-0 e5 6. d3 Be7 7. Nfd2 Nf6 8. Nc4 Be6 9. Nba3 0-0 10. b3 Nd7 11. Ne3 g6 12. Nac4 d5 13. Nd2 f5 14. c4 d4 15. Nc2 f4 16. a4 g5 17. f3 h5 18. Ba3 a5 19. Re1 g4 20. Nf1 gxf3 21. gxf3 Kh7 22. Re2 Rg8+ 23. Kh1 Bh3 24. Nd2 Rg6 0-1

[Event "Basel Hilton op 15th"]
[Site "Basel"]
[Date "2013.01.02"]
[Round "3"]
[White "Ernst, Rolf"]
[Black "Vulevic, Vjekoslav"]
[Result "0-1"]
[WhiteElo "2131"]
[BlackElo "2299"]
[PlyCount "82"]
[EventDate "2013.01.01"]
[EventType "swiss"]
[EventRounds "7"]
[EventCountry "SUI"]
[SourceTitle "CBM 152 Extra"]
[Source "ChessBase"]
[SourceDate "2013.02.25"]
[SourceVersion "1"]
[SourceVersionDate "2013.02.25"]
[SourceQuality "1"]

1. d4 e6 2. Nf3 f5 3. c4 Nf6 4. Nc3 Be7 5. e3 0-0 6. Be2 d6 7. b3 Qe8 8. 0-0 Ne4 9. Nxe4 fxe4 10. Nd2 d5 11. f3 Bg5 12. f4 Bf6 13. Ba3 Rf7 14. Rc1 a5 15. c5 Nc6 16. Nb1 Bd7 17. Qd2 Ne7 18. Nc3 Nf5 19. Bb2 g6 20. Nd1 Rg7 21. Nf2 h5 22. g4 Nh4 23. g5 Bd8 24. a4 b6 25. cxb6 cxb6 26. Kh1 b5 27. axb5 Bxb5 28. Rc5 Bxe2 29. Qxe2 Rb7 30. Qc2 Nf5 31. Nd1 Rab8 32. Bc3 Bb6 33. Re1 Bxc5 34. dxc5 Qb5 35. Qa2 Qxc5 36. Bxa5 Rxb3 37. Qa1 d4 38. exd4 Qd5 39. Bc7 Ra8 40. Qc1 e3+ 41. Kg1 Ra2 0-1

[Event "MNT-chT"]
[Site "Cetinje"]
[Date "2012.08.11"]
[Round "9"]
[White "Blagojevic, Tijana"]
[Black "Vulevic, Vjekoslav"]
[Result "1/2-1/2"]
[WhiteElo "2004"]
[BlackElo "2294"]
[PlyCount "22"]
[EventDate "2012.08.03"]
[EventType "team-tourn"]
[EventRounds "9"]
[EventCountry "MNE"]
[SourceTitle "CBM 149 Extra"]
[Source "ChessBase"]
[SourceDate "2012.08.24"]
[SourceVersion "1"]
[SourceVersionDate "2012.08.24"]
[SourceQuality "1"]

1. e4 d6 2. d4 Nf6 3. Nc3 e5 4. Nf3 Nc6 5. Bb5 Bd7 6. dxe5 Nxe5 7. Bxd7+ Qxd7 8. 0-0 Be7 9. Nxe5 dxe5 10. Qxd7+ Nxd7 11. Be3 c6 1/2-1/2

[Event "MNT-chT"]
[Site "Cetinje"]
[Date "2012.08.05"]
[Round "3"]
[White "Karisik, Nenad"]
[Black "Vulevic, Vjekoslav"]
[Result "0-1"]
[WhiteElo "2040"]
[BlackElo "2294"]
[PlyCount "204"]
[EventDate "2012.08.03"]
[EventType "team-tourn"]
[EventRounds "9"]
[EventCountry "MNE"]
[SourceTitle "CBM 149 Extra"]
[Source "ChessBase"]
[SourceDate "2012.08.24"]
[SourceVersion "1"]
[SourceVersionDate "2012.08.24"]
[SourceQuality "1"]

1. e4 c5 2. Nf3 a6 3. c3 d6 4. d4 Nf6 5. e5 dxe5 6. Nxe5 e6 7. Qa4+ Nbd7 8. dxc5 Bxc5 9. Nd3 b5 10. Qh4 Bb7 11. Be2 Be7 12. 0-0 e5 13. Rd1 Qc7 14. Bg5 h6 15. a4 0-0 16. Bc1 Qc6 17. Bf1 Rad8 18. axb5 axb5 19. Nb4 Bxb4 20. cxb4 Nb6 21. Rxd8 Rxd8 22. Nc3 Rd4 23. Qh3 Rxb4 24. Be3 Nc4 25. Rc1 Nxe3 26. Qxe3 Rg4 27. f3 Qxf3 28. Qxf3 Bxf3 29. Nxb5 Bd5 30. Re1 Rb4 31. Rxe5 Rxb2 32. Nc3 Be6 33. Rb5 Rd2 34. Rb8+ Kh7 35. Rb1 g6 36. Re1 Nh5 37. Ne4 Rb2 38. Nf2 Kg7 39. Nd3 Rd2 40. Be2 Nf6 41. Nf4 Bf5 42. Bf3 g5 43. Ne2 g4 44. Ng3 Bg6 45. Be2 h5 46. Bf1 h4 47. Ne2 Nd5 48. Nc1 f5 49. Nb3 Rb2 50. Nd4 Kf6 51. Re6+ Kg5 52. Re1 Rb4 53. Ne6+ Kf6 54. Nc5 f4 55. Nd7+ Kg7 56. Ne5 Bf5 57. Nc6 Rb2 58. Nd4 Kf6 59. Be2 Bd7 60. g3 f3 61. Nxf3 Nc3 62. Nd4 Rd2 63. Nb3 Rxe2 64. Rxe2 Nxe2+ 65. Kf2 Nc3 66. gxh4 Kg6 67. Kg3 Kh5 68. Nd4 Bc8 69. Nc2 Ne2+ 70. Kf2 Ba6 71. Ne3 Kxh4 72. Nf5+ Kh3 73. Ne3 Nf4 74. Kg1 Nd3 75. Nd1 Bb7 76. Ne3 Ne5 77. Nxg4 Nxg4 78. Kf1 Kxh2 79. Ke2 Kg3 80. Kd3 Kf4 81. Kd4 Ne5 82. Kc3 Ke3 83. Kb4 Kd4 84. Kb3 Nc4 85. Kb4 Bc6 86. Kb3 Ne3 87. Kb4 Bd5 88. Kb5 Bc4+ 89. Kc6 Nf5 90. Kb6 Kd5 91. Kc7 Bb5 92. Kb6 Bc6 93. Kc7 Kc5 94. Kd8 Kd6 95. Kc8 Ng7 96. Kd8 Ne6+ 97. Kc8 Bd5 98. Kb8 Kc6 99. Kc8 Bc4 100. Kb8 Kb6 101. Kc8 Bb5 102. Kb8 Ba6 0-1

[Event "MNT-chT"]
[Site "Tivat"]
[Date "2011.10.13"]
[Round "6.5"]
[White "Vulevic, Vjekoslav"]
[Black "Nikac, Predrag"]
[Result "0-1"]
[WhiteElo "2321"]
[BlackElo "2342"]
[PlyCount "67"]
[EventDate "2011.10.08"]
[EventType "team-tourn"]
[EventRounds "9"]
[EventCountry "MNE"]
[SourceTitle "CBM 144 Extra"]
[Source "ChessBase"]
[SourceDate "2011.10.28"]
[SourceVersion "1"]
[SourceVersionDate "2011.10.28"]
[SourceQuality "1"]
[WhiteTeam "Bar Rumija"]
[BlackTeam "Podgorica Buducnost"]
[WhiteTeamCountry "MNE"]
[BlackTeamCountry "MNE"]

1. e4 c5 2. Nf3 Nc6 3. d4 cxd4 4. Nxd4 e5 5. Nf3 Nf6 6. Bc4 Be7 7. Nc3 d6 8. Bg5 0-0 9. Bxf6 Bxf6 10. h3 Be6 11. Bb3 Nd4 12. 0-0 Qb6 13. Nxd4 exd4 14. Nd5 Bxd5 15. Bxd5 Rac8 16. Bb3 a5 17. a4 Rc5 18. Qd3 Re8 19. f4 Qa6 20. Rf2 Qxd3 21. cxd3 Bh4 22. Rff1 Kf8 23. Kh2 f5 24. Bd5 fxe4 25. dxe4 Rc2 26. Rad1 Bf2 27. b3 Ke7 28. Bxb7 Be3 29. Bd5 Rec8 30. Bc4 Kf6 31. Bd5 R8c3 32. h4 Rb2 33. Kh1 Rcc2 34. f5 0-1

[Event "MNT-ch 63rd"]
[Site "Tivat"]
[Date "2011.05.29"]
[Round "9"]
[White "Vulevic, Vjekoslav"]
[Black "Popadic, Dragan"]
[Result "0-1"]
[WhiteElo "2350"]
[BlackElo "2241"]
[PlyCount "50"]
[EventDate "2011.05.21"]
[EventType "swiss"]
[EventRounds "9"]
[EventCountry "MNE"]
[SourceTitle "CBM 142 Extra"]
[Source "ChessBase"]
[SourceDate "2011.06.27"]
[SourceVersion "1"]
[SourceVersionDate "2011.06.27"]
[SourceQuality "1"]

1. e4 c5 2. Nf3 Nc6 3. Nc3 e5 4. Bc4 Be7 5. 0-0 Nf6 6. d3 0-0 7. Bg5 d6 8. h3 Ne8 9. Bxe7 Nxe7 10. Re1 Ng6 11. Nd5 Nf6 12. c3 Nxd5 13. Bxd5 Nf4 14. d4 Qf6 15. Kh2 Qg6 16. Rg1 Qh6 17. Qf1 Bg4 18. dxe5 Bxf3 19. gxf3 dxe5 20. Rg3 Rad8 21. Rd1 b6 22. Qa6 Rd7 23. Bb3 Rxd1 24. Bxd1 Qd6 25. Rg1 Qd7 0-1